Luxury trains of the world /

Bibliographic Details
Main Author: Allen, G. Freeman (Geoffrey Freeman)
Format: Book
Language:English
Published: New York, N.Y. : Everest House, [1979]
Edition:1st ed.
Subjects:

MARC

Tag First Indicator Second Indicator Subfields
LEADER 00000cam a2200000 a 4500
001 in00000079750
005 20151008054003.0
008 800104s1979 nyua 00110 eng d
010 |a  78065527  
020 |a 0896960358 
035 |a (OCoLC)05842167 
035 |9 AAH9284AM 
040 |a RTN  |c RTN  |d m.c.  |d TXA  |d UtOrBLW 
049 |a TXAM  |c [387295] 
090 |a TF147  |b .A42 
092 |a 385.33 
100 1 |a Allen, G. Freeman  |q (Geoffrey Freeman) 
245 1 0 |a Luxury trains of the world /  |c Geoffrey Freeman Allen. 
250 |a 1st ed. 
264 1 |a New York, N.Y. :  |b Everest House,  |c [1979] 
264 4 |c ©1979 
300 |a 192 pages :  |b illustrations (some color) ;  |c 31 cm. 
336 |a text  |b txt  |2 rdacontent 
337 |a unmediated  |b n  |2 rdamedia 
338 |a volume  |b nc  |2 rdacarrier 
500 |a A Bison book. 
500 |a Illustrations on lining papers. 
500 |a Includes index. 
650 0 |a Railroad travel. 
650 0 |a Railroad trains. 
650 0 |a Transportation  |x Passenger traffic. 
999 |a MARS 
999 f f |s cd5bf5ca-eb3b-365a-9d99-563666a0c17a  |i 63994bc2-e6a0-338f-9f67-07a886fb648b  |t 0 
952 f f |p normal  |a Texas A&M University  |b College Station  |c Sterling C. Evans Library  |d Evans: Library Stacks  |t 0  |e TF147 .A42  |h Library of Congress classification  |i unmediated -- volume  |m A14806246978 
998 f f |a TF147 .A42  |t 0  |l Evans: Library Stacks